[Event "ISL-chT2 1516"]
[Site "Reykjavik"]
[Date "2016.03.05"]
[Round "6.2"]
[White "Gunnarsson, Sigurdur Jon"]
[Black "Benediktsson, Thorir"]
[Result "1-0"]
[WhiteElo "1913"]
[BlackElo "1913"]
[PlyCount "46"]
[EventDate "2015.09.25"]
[EventType "team-tourn"]
[EventRounds "7"]
[EventCountry "ISL"]
[SourceTitle "EXT 2017"]
[Source "ChessBase"]
[SourceDate "2016.10.25"]
[SourceVersion "1"]
[SourceVersionDate "2016.10.25"]
[SourceQuality "1"]
[WhiteTeam "Huginn III"]
[BlackTeam "Reykjavik III"]
[WhiteTeamCountry "ISL"]
[BlackTeamCountry "ISL"]

1. e4 c5 2. Nc3 Nc6 3. f4 d6 4. Nf3 Nf6 5. Bb5 a6 6. Bxc6+ bxc6 7. 0-0 g6 8. d3 Qb6 9. Kh1 Bg7 10. Qe1 0-0 11. Qh4 Re8 12. Rb1 Rb8 13. f5 Qc7 14. Bh6 Bh8 15. Ng5 Rb7 16. Ne2 d5 17. Rf3 Qe5 18. Nxf7 Kxf7 19. Bf4 dxe4 20. Bxe5 exf3 21. Bxf6 fxe2 22. Qxh7+ Kxf6 23. Qxg6+ Ke5 1-0

[Event "ISL-chT2 1516"]
[Site "Reykjavik"]
[Date "2015.09.26"]
[Round "2.2"]
[White "Bergmann, Haukur"]
[Black "Gunnarsson, Sigurdur Jon"]
[Result "1/2-1/2"]
[WhiteElo "2080"]
[BlackElo "1913"]
[PlyCount "76"]
[EventDate "2015.09.25"]
[EventType "team-tourn"]
[EventRounds "7"]
[EventCountry "ISL"]
[SourceTitle "EXT 2017"]
[Source "ChessBase"]
[SourceDate "2016.10.25"]
[SourceVersion "1"]
[SourceVersionDate "2016.10.25"]
[SourceQuality "1"]
[WhiteTeam "Reykjanesbaejar"]
[BlackTeam "Huginn III"]
[WhiteTeamCountry "ISL"]
[BlackTeamCountry "ISL"]

1. d4 Nf6 2. c4 e6 3. Nc3 Bb4 4. Qc2 0-0 5. a3 Bxc3+ 6. Qxc3 h6 7. g3 d6 8. Bg2 Nbd7 9. Nf3 Qe7 10. 0-0 e5 11. Qc2 a5 12. dxe5 dxe5 13. b3 Rb8 14. Bb2 b6 15. Nh4 Bb7 16. Nf5 Qe6 17. Bxb7 Rxb7 18. b4 Ra7 19. b5 a4 20. Rad1 Nc5 21. Kg2 Raa8 22. Ne3 Rad8 23. Qc3 Rxd1 24. Rxd1 Re8 25. Nd5 Nxd5 26. Rxd5 f6 27. f3 e4 28. f4 e3 29. Qc2 Ne4 30. f5 Qf7 31. Rd4 Qh5 32. Rxe4 Rxe4 33. Qxe4 Qxe2+ 34. Kh3 Qxb2 35. Qxe3 Qb3 36. Qe8+ Kh7 37. Qg6+ Kg8 38. Qe8+ Kh7 1/2-1/2

[Event "ISL-chT2 1415"]
[Site "Reykjavik"]
[Date "2015.03.21"]
[Round "6.3"]
[White "Gunnarsson, Sigurdur Jon"]
[Black "Thorarensen, Adalsteinn"]
[Result "1-0"]
[WhiteElo "1893"]
[BlackElo "1755"]
[PlyCount "107"]
[EventDate "2014.10.03"]
[EventType "team-tourn"]
[EventRounds "7"]
[EventCountry "ISL"]
[SourceTitle "EXT 2016"]
[Source "ChessBase"]
[SourceDate "2015.10.08"]
[SourceVersion "1"]
[SourceVersionDate "2015.10.08"]
[SourceQuality "1"]
[WhiteTeam "Huginn III"]
[BlackTeam "Vinaskakfelagid"]
[WhiteTeamCountry "ISL"]
[BlackTeamCountry "ISL"]

1. e4 e6 2. d4 d5 3. Nd2 c5 4. exd5 exd5 5. Ngf3 Nc6 6. Bb5 Bd7 7. 0-0 cxd4 8. Re1+ Be7 9. Nb3 Nf6 10. Qe2 Ne4 11. Bxc6 Bxc6 12. Nfxd4 Kf8 13. Nf5 Bf6 14. c3 Qd7 15. Nbd4 Re8 16. Be3 b6 17. Bf4 g5 18. Be3 Nd6 19. Nxd6 Qxd6 20. Qa6 Ra8 21. a4 Qd7 22. Nxc6 Qxc6 23. a5 Kg7 24. axb6 axb6 25. Qxb6 Qxb6 26. Bxb6 Rhb8 27. Rxa8 Rxa8 28. Rb1 Kg6 29. Kf1 Rb8 30. Bd4 Bxd4 31. cxd4 Kf5 32. f3 Rb3 33. Ke2 h5 34. Kd2 Kf4 35. Kc2 Rb4 36. Kc3 Rc4+ 37. Kd3 Rb4 38. b3 h4 39. Kc3 Rb6 40. Re1 f6 41. b4 h3 42. gxh3 Kxf3 43. Rg1 Ke4 44. Rg4+ Kf5 45. Kb3 Kg6 46. Ka4 Kf5 47. Ka5 Rb7 48. b5 Rh7 49. Rg3 Ke4 50. b6 Kxd4 51. Ka6 Kc5 52. b7 Rh4 53. Rc3+ Kd4 54. Rc8 1-0

[Event "Reykjavik op"]
[Site "Reykjavik"]
[Date "2013.02.24"]
[Round "7"]
[White "Eliasson, Kristjan Orn"]
[Black "Gunnarsson, Sigurdur Jon"]
[Result "1-0"]
[WhiteElo "1873"]
[BlackElo "2000"]
[PlyCount "79"]
[EventDate "2013.02.19"]
[EventType "swiss"]
[EventRounds "10"]
[EventCountry "ISL"]
[SourceTitle "CBM 153 Extra"]
[Source "ChessBase"]
[SourceDate "2013.04.22"]
[SourceVersion "1"]
[SourceVersionDate "2013.04.22"]
[SourceQuality "1"]

1. e4 c5 2. Nf3 Nc6 3. d4 cxd4 4. Nxd4 g6 5. Nxc6 bxc6 6. Qd4 Nf6 7. e5 Nd5 8. e6 f6 9. c4 Nb6 10. c5 Nd5 11. exd7+ Bxd7 12. Bc4 e5 13. Qd1 Qa5+ 14. Nd2 Qxc5 15. 0-0 Bg7 16. Qb3 Be6 17. Ne4 Qe7 18. Bd2 0-0 19. a3 Bf7 20. Rac1 Rab8 21. Qa2 h6 22. Rc2 f5 23. Nc3 Rfd8 24. Rfc1 Nb6 25. Bxf7+ Qxf7 26. Qxf7+ Kxf7 27. Nb1 Nd5 28. b4 Ne7 29. Kf1 Rd7 30. Ke2 Rbd8 31. Be3 f4 32. Bc5 Nf5 33. f3 g5 34. Bf2 Nd4+ 35. Bxd4 exd4 36. Kd3 Re8 37. Rxc6 Re3+ 38. Kc4 Re2 39. g3 fxg3 40. hxg3 1-0

[Event "Reykjavik op"]
[Site "Reykjavik"]
[Date "2013.02.23"]
[Round "6"]
[White "Gunnarsson, Sigurdur Jon"]
[Black "Halldorsson, Jon Arni"]
[Result "0-1"]
[WhiteElo "2000"]
[BlackElo "2222"]
[PlyCount "98"]
[EventDate "2013.02.19"]
[EventType "swiss"]
[EventRounds "10"]
[EventCountry "ISL"]
[SourceTitle "CBM 153 Extra"]
[Source "ChessBase"]
[SourceDate "2013.04.22"]
[SourceVersion "1"]
[SourceVersionDate "2013.04.22"]
[SourceQuality "1"]

1. d4 d5 2. Bf4 c5 3. e3 Nc6 4. c3 Nf6 5. Qb3 e6 6. Nf3 Be7 7. Nbd2 Nh5 8. Bg3 0-0 9. Be2 cxd4 10. cxd4 Bd7 11. Rc1 Nxg3 12. hxg3 f5 13. 0-0 Bd6 14. Ne1 Na5 15. Qd1 Qb6 16. Nd3 Rac8 17. Rxc8 Rxc8 18. Qb1 Bb5 19. Rc1 Rc6 20. Rxc6 bxc6 21. Nc1 c5 22. Bxb5 Qxb5 23. dxc5 Qxc5 24. Ncb3 Nxb3 25. Nxb3 Qc8 26. Qd3 Be5 27. Qd2 Qa6 28. Nc1 Kf7 29. Nd3 Bd6 30. Nc1 Qc4 31. b3 Qc6 32. Nd3 e5 33. Nb4 Bxb4 34. Qxb4 Qc1+ 35. Kh2 Qc7 36. Qb5 Ke6 37. Qe8+ Qe7 38. Qc6+ Qd6 39. Qe8+ Kf6 40. f4 exf4 41. gxf4 d4 42. exd4 Qxf4+ 43. Kh1 Qh4+ 44. Kg1 Qxd4+ 45. Kh1 Qa1+ 46. Kh2 Qe5+ 47. Qxe5+ Kxe5 48. Kg3 g5 49. Kf3 Kd4 0-1

[Event "Reykjavik op"]
[Site "Reykjavik"]
[Date "2013.02.22"]
[Round "5"]
[White "Hauksdottir, Hrund"]
[Black "Gunnarsson, Sigurdur Jon"]
[Result "0-1"]
[WhiteElo "1671"]
[BlackElo "2000"]
[PlyCount "120"]
[EventDate "2013.02.19"]
[EventType "swiss"]
[EventRounds "10"]
[EventCountry "ISL"]
[SourceTitle "CBM 153 Extra"]
[Source "ChessBase"]
[SourceDate "2013.04.22"]
[SourceVersion "1"]
[SourceVersionDate "2013.04.22"]
[SourceQuality "1"]

1. e4 c5 2. Nf3 Nc6 3. d4 cxd4 4. Nxd4 g6 5. Nc3 Bg7 6. Be3 Nf6 7. Be2 0-0 8. Qd2 d5 9. exd5 Nxd5 10. Nxd5 Qxd5 11. Bf3 Qe5 12. Nxc6 bxc6 13. c3 Ba6 14. Be2 Rfd8 15. Qc2 Bxe2 16. Qxe2 Qb5 17. Rc1 Rd7 18. Qxb5 cxb5 19. Ke2 Rad8 20. Rhd1 a6 21. Rxd7 Rxd7 22. Rd1 Rxd1 23. Kxd1 Be5 24. h3 f5 25. Kc2 Kf7 26. b3 Ke6 27. g3 Kd5 28. Kd3 Bd6 29. a4 bxa4 30. bxa4 e5 31. c4+ Kc6 32. f3 Bc5 33. Bd2 Bf2 34. g4 Kc5 35. Ba5 Bd4 36. Bc7 Bb2 37. a5 Ba1 38. Bb6+ Kb4 39. Bd8 Bb2 40. Bc7 Kc5 41. Bb6+ Kb4 42. Bc7 Ka4 43. Bb6 Bc1 44. Bc7 Bf4 45. Bb6 Bg3 46. Bd8 Kb4 47. Bb6 Be1 48. Bc7 e4+ 49. fxe4 fxe4+ 50. Kxe4 Kxc4 51. Bb6 Kb5 52. Kd3 Bxa5 53. Bf2 Kb4 54. Kc2 Kc4 55. h4 Bb4 56. h5 a5 57. hxg6 hxg6 58. g5 a4 59. Be3 a3 60. Bc1 Bd6 0-1

[Event "Reykjavik op"]
[Site "Reykjavik"]
[Date "2013.02.19"]
[Round "1"]
[White "Gunnarsson, Sigurdur Jon"]
[Black "L'Ami, Erwin"]
[Result "0-1"]
[WhiteElo "2000"]
[BlackElo "2622"]
[PlyCount "80"]
[EventDate "2013.02.19"]
[EventType "swiss"]
[EventRounds "10"]
[EventCountry "ISL"]
[SourceTitle "CBM 153 Extra"]
[Source "ChessBase"]
[SourceDate "2013.04.22"]
[SourceVersion "1"]
[SourceVersionDate "2013.04.22"]
[SourceQuality "1"]

1. e4 c6 2. d4 d5 3. Nc3 dxe4 4. Nxe4 Bf5 5. Ng3 Bg6 6. Nf3 Nd7 7. h4 h6 8. h5 Bh7 9. Bd3 Bxd3 10. Qxd3 e6 11. Bd2 Ngf6 12. 0-0-0 Be7 13. Ne4 Qb6 14. Kb1 Rd8 15. Nxf6+ Nxf6 16. Qe2 Qb5 17. Qxb5 cxb5 18. Bf4 Nd5 19. Be5 f6 20. Bg3 b4 21. Rhe1 Kf7 22. Re4 Rc8 23. Nh4 f5 24. Re5 f4 25. Ng6 fxg3 26. Nxh8+ Rxh8 27. fxg3 Bf6 28. Re4 Rc8 29. Rde1 Rc6 30. R1e2 a5 31. Rf2 a4 32. Rf3 a3 33. Rb3 Rc4 34. Rd3 e5 35. Kc1 exd4 36. Re1 Ne3 37. Re2 axb2+ 38. Kxb2 Rc3 39. Rf2 Rxd3 40. cxd3 Nd1+ 0-1